Collected works /

محفوظ في:

المؤلف الرئيسي: Ḥamdān, Jamāl, 1928-1993 (مؤلف)

مؤلفون آخرون: Hamdan, Saleh.

التنسيق: كتاب

اللغة: English

منشور في: Guizeh, Egypt : Foreign Cultural Information Dept., Prism Publications Office, 2000.

الطبعة: 1st ed.

سلاسل: Prism book series ; 4.

الموضوعات:

الوسوم: إضافة وسم

لا توجد وسوم, كن أول من يضع وسما على هذه التسجيلة!

رقم الطلب: DT46 .H29 v.1

LEADER 01498namaa2200373 4500
001 18907
003 OSt
005 20241105112406.0
008 130303s2000 ua ab b 000 0 eng d
952 |0 0  |1 0  |2 lcc  |3 V.1  |4 0  |6 DT0046 H29 V.00001  |7 1  |9 7850  |a ARCE  |b ARCE  |d 2020-11-24  |l 0  |o DT46 .H29 v.1  |p 1008498  |r 2020-11-24 00:00:00  |w 2020-11-24  |y BK 
999 |c 15964  |d 15964 
010 |a 2001285009 
020 |a 9773052168 (volume 1) 
040 |c ARCE Library 
043 |a f-ua---  |a f-sj---  |a f----- 
050 4 |a DT46 .H29 v.1 
100 1 |6 880-01  |a Ḥamdān, Jamāl,  |d 1928-1993,  |e author 
240 1 0 |a Works.  |k Selections.  |f 2000 
245 1 0 |a Collected works /   |c Gamal Hamdan ; edited by Saleh Hamdan. 
250 |a 1st ed. 
264 1 |a Guizeh, Egypt :   |b Foreign Cultural Information Dept., Prism Publications Office,   |c 2000. 
300 |a volume <1> :   |b illustrations, maps ;   |c 24 cm. 
490 1 |a Prism book series ;   |v 4. 
504 |a Includes bibliographical references. 
505 0 |g pt. 1.  |t Studies on Egypt. 
650 0 |a Civilization, Arab. 
651 0 |a Egypt  |x Civilization. 
651 0 |a Sudan  |x Civilization. 
651 0 |a Africa  |x Civilization. 
700 1 |a Hamdan, Saleh. 
830 0 |a Prism book series ;   |v 4. 
880 1 |6 100-01/(3/r  |a حمدان، جمال،‪‪‪‪‪‪‪‪‪‪‪‪‪‪‪‪‪‪‪‪‪‪‪‪‪‪‪‪‪‪‪‪‪‪‪‪‪‪‪‪‪‪‪‪‪‪‪‪‪‪‪‪‪‪‪‪  |d 1928-1993. 
901 |a reviewed 
942 |c BK  |2 lcc